000 005180000a22001930004500
003 LK-CoMWRAF
005 20230829145050.0
008 230817t1969 ||||| |||| 00| 0 eng d
020 _a521095921
040 _aLK-CoMWRAF
_dLK-CoMWRAF
_eLK-CoMWRAF
041 _aeng
082 _a170
_bROU
100 _aRoubiczek, Paul
245 _aEthical Values in the Age of Science
260 _aLondon:
_bCambridge University Press,
_c1969
300 _aviii, 318 p. 23 cm.
_bIndex included
650 _aETHICS
942 _cBK
999 _c1419
_d1419